Deadliest Dictators - Statistics

General Stats
  • This quiz has been taken 114 times
  • The average score is 14 of 20
Answer Stats
Hint Answer % Correct
German Dictator of WWII Adolf Hitler
99%
Man of Steel USSR Joseph Stalin
98%
Deadly Chairman of China Mao Zedong
93%
Founder of the USSR Vladimir Lenin
92%
Notorious Dictator of Iraq Saddam Hussein
88%
Modern Day 'Tsar' of Russia Vladimir Putin
88%
Arrogant Dictator of WWII Italy Benito Mussolini
85%
The 'Little' Emperor of France Napoleon Bonaparte
81%
Bloodthirsty King of Belgium Leopold II
76%
Spanish Dictator for most of the 20th Century Francisco Franco
74%
Final Kaiser of the German Empire Wilhelm II
73%
Butcher of Uganda Idi Amin
71%
Founder of Dictator Dynasty in North Korea Kim Il Sun
67%
Iranian Theocratic Leader Ayatollah Khomeini
57%
Cold War Dictator of Chile Augusto Pinochet
56%
Current Dictator of Venezuela Nicolas Maduro
46%
Modern Day Belarusian Dictator Alexander Lukashenko
45%
Military Dictator of Venezuela Hugo Chavez
42%
WWI Austrian Emperor Franz Joseph I
39%
Emperor of Mexico Santa Anna
12%
No matching quizzes found
Score Distribution
Percent of People with Each Score
Percentile by Number Answered
Your Score History
You have not taken this quiz